[Event "SR 2. liga A 2018/2019"]
[Site "?"]
[Date "2019.03.02"]
[Round "8.7"]
[White "Kubis, Ivan"]
[Black "Babirat, Michal"]
[Result "1-0"]
[WhiteElo "1863"]
[BlackElo "1880"]
[PlyCount "109"]
[EventDate "2018.??.??"]
[WhiteTeam "SK Nafta Gbely"]
[BlackTeam "Lokomotiva Trnava"]

1. e4 c5 2. Nf3 Nc6 3. d4 cxd4 4. Nxd4 Nf6 5. Nc3 g6 6. Nxc6 bxc6 7. e5 Ng8 8.
Bc4 Bg7 9. Qe2 Nh6 10. O-O O-O 11. Bd2 d5 12. Bb3 a5 13. Rfe1 Ba6 14. Qf3 Nf5
15. Rad1 e6 16. Qg4 Qc7 17. Bf4 Rab8 18. a3 d4 19. Ne4 c5 20. Nf6+ Kh8 21. Bc1
Qc6 22. Qh3 h5 23. Ba2 Bb7 24. Bc4 Bh6 25. Bxh6 Nxh6 26. b3 Kg7 27. a4 Nf5 28.
Bd3 Rh8 29. Be4 Qc7 30. Bxb7 Qxb7 31. Rd3 c4 32. bxc4 Qb1 33. Rdd1 Qxc2 34. Rc1
Qxa4 35. Qf3 Rhc8 36. c5 Qc6 37. Ne4 a4 38. h3 Rb3 39. Qf4 h4 40. Qg5 Qd7 41.
Qf6+ Kg8 42. Qxf5 Qa7 43. Qf4 Kg7 44. Qf6+ Kg8 45. Qxh4 Kg7 46. Qf6+ Kg8 47.
Qf4 Kg7 48. Qd2 d3 49. Rc3 Qa6 50. Ra1 Rcb8 51. c6 Rxc3 52. Qxc3 Rc8 53. c7 Qa7
54. Nd6 Rxc7 55. Qxc7 1-0

[Event "SR 2. liga A 2018/2019"]
[Site "?"]
[Date "2019.03.02"]
[Round "8.8"]
[White "Bahna, Jan"]
[Black "Zajicek, Ferdinand"]
[Result "1-0"]
[WhiteElo "1826"]
[BlackElo "1706"]
[PlyCount "117"]
[EventDate "2018.??.??"]
[WhiteTeam "Lokomotiva Trnava"]
[BlackTeam "SK Nafta Gbely"]

1. e4 e5 2. Nf3 Nc6 3. Bb5 d6 4. c3 Bd7 5. O-O Nf6 6. Re1 Be7 7. h3 O-O 8. d4
exd4 9. cxd4 a6 10. Bf1 h6 11. a3 Re8 12. b4 Nh7 13. Bb2 Na7 14. Nc3 Be6 15. a4
b5 16. d5 Bd7 17. a5 Bf6 18. Qc2 Ng5 19. Nxg5 Bxg5 20. g3 Bf6 21. Bg2 c6 22.
Rad1 Rc8 23. Qd2 c5 24. Ne2 Bxb2 25. Qxb2 cxb4 26. Qxb4 Qf6 27. Rc1 Rxc1 28.
Rxc1 Rc8 29. Rxc8+ Nxc8 30. f4 Qa1+ 31. Kf2 Qa2 32. Qc3 Qc4 33. Qxc4 bxc4 34.
Ke3 f6 35. Kd4 Bb5 36. Nc3 g5 37. Bf1 gxf4 38. gxf4 Ne7 39. Bxc4 Bxc4 40. Kxc4
Kf7 41. Kd4 Kg6 42. Na2 Kh5 43. f5 Kh4 44. Ke3 Kxh3 45. Kf3 h5 46. Nb4 Kh2 47.
Kf2 Ng8 48. Nxa6 Nh6 49. Nb4 Ng4+ 50. Kf1 Ne3+ 51. Ke2 Nc4 52. a6 Kg3 53. a7
Nb6 54. Nd3 h4 55. Kf1 h3 56. Kg1 Kf3 57. e5 dxe5 58. d6 e4 59. d7 1-0

[Event "SR 2. liga A 2018/2019"]
[Site "?"]
[Date "2019.03.02"]
[Round "8.1"]
[White "Kostolansky, Sebastian"]
[Black "Sosna, Jan"]
[Result "1-0"]
[WhiteElo "2308"]
[BlackElo "2344"]
[PlyCount "51"]
[EventDate "2018.??.??"]
[WhiteTeam "SK Slovan Bratislava E"]
[BlackTeam "SK Skalica"]

1. e4 e5 2. Nf3 Nc6 3. Bb5 Nf6 4. d3 Bc5 5. O-O d6 6. c3 O-O 7. Nbd2 a6 8. Bxc6
bxc6 9. d4 exd4 10. cxd4 Ba7 11. Qc2 Bd7 12. Re1 Re8 13. b3 d5 14. e5 Nh5 15.
Nf1 Bg4 16. Ng5 g6 17. h3 Bf5 18. Qd1 Ng7 19. Ng3 c5 20. Nf3 cxd4 21. Bg5 Qd7
22. Qc1 Be4 23. Rxe4 dxe4 24. Nxe4 Nh5 25. Nf6+ Nxf6 26. Bxf6 1-0

[Event "SR 2. liga A 2018/2019"]
[Site "?"]
[Date "2019.03.02"]
[Round "8.2"]
[White "Kapusta, Petr"]
[Black "Jancovic, Peter"]
[Result "0-1"]
[WhiteElo "2171"]
[BlackElo "2289"]
[PlyCount "110"]
[EventDate "2018.??.??"]
[WhiteTeam "SK Skalica"]
[BlackTeam "SK Slovan Bratislava E"]

1. e4 c5 2. Nf3 d6 3. d4 cxd4 4. Nxd4 Nf6 5. Nc3 a6 6. Be2 e5 7. Nb3 Be7 8. O-O
O-O 9. Kh1 b5 10. a3 Nbd7 11. f4 Bb7 12. Bf3 Rc8 13. Qe1 Re8 14. Qg3 Kh8 15.
Be3 Qc7 16. Rad1 Nb6 17. fxe5 dxe5 18. Bg5 Nc4 19. Bxf6 Bxf6 20. Bg4 Rcd8 21.
Qh3 Rxd1 22. Rxd1 Rd8 23. Rf1 Qb6 24. Bf5 h6 25. Nd1 a5 26. Qh5 Kg8 27. Rg1 g6
28. Bxg6 fxg6 29. Qxg6+ Bg7 30. Qxb6 Nxb6 31. Nxa5 Bxe4 32. Nc3 Bxc2 33. Nc6
Rd2 34. Nb4 Bg6 35. h3 Rxb2 36. Nxb5 Be4 37. Nd6 Ba8 38. Nf5 Nc4 39. Nd3 Rb3
40. Rc1 Rxd3 41. Rxc4 Rxh3+ 42. Kg1 Rxa3 43. Rc8+ Bf8 44. Nxh6+ Kh7 45. Rxf8
Kxh6 46. Re8 Ra5 47. Rg8 Be4 48. Kf2 Bg6 49. Rb8 Kg5 50. Rb3 Kf4 51. Rf3+ Ke4
52. Re3+ Kd4 53. Rg3 Ra2+ 54. Ke1 Bd3 55. Rh3 Rxg2 0-1

[Event "SR 2. liga A 2018/2019"]
[Site "?"]
[Date "2019.03.02"]
[Round "8.3"]
[White "Nestorenko, Dmitry"]
[Black "Koutny, Petr"]
[Result "0-1"]
[WhiteElo "2155"]
[BlackElo "2229"]
[PlyCount "57"]
[EventDate "2018.??.??"]
[WhiteTeam "SK Slovan Bratislava E"]
[BlackTeam "SK Skalica"]

1. e4 c5 2. Nf3 d6 3. c3 Nf6 4. Bc4 Nc6 5. Qe2 a6 6. h3 e6 7. O-O Be7 8. d4
Nxe4 9. Qxe4 d5 10. Qg4 dxc4 11. Qxg7 Bf6 12. Qh6 cxd4 13. cxd4 Nxd4 14. Nxd4
Qxd4 15. Nd2 Be7 16. Re1 Bd7 17. Nf3 Qf6 18. Qh5 Qg6 19. Qe5 Rg8 20. g3 Bc6 21.
Nd4 Bf6 22. Qc5 Bxd4 23. Qxd4 Rd8 24. Qxc4 Qf5 25. Qf1 h5 26. h4 Rd4 27. Bg5 f6
28. Qe2 fxg5 29. Qxh5+ 0-1

[Event "SR 2. liga A 2018/2019"]
[Site "?"]
[Date "2019.03.02"]
[Round "8.4"]
[White "Hudacek, Josef"]
[Black "Hacik, Radomir"]
[Result "0-1"]
[WhiteElo "2101"]
[BlackElo "2126"]
[PlyCount "64"]
[EventDate "2018.??.??"]
[WhiteTeam "SK Skalica"]
[BlackTeam "SK Slovan Bratislava E"]

1. e4 c6 2. d4 d5 3. f3 g6 4. Ne2 Bg7 5. c3 h5 6. Na3 e6 7. e5 Qb6 8. Nc2 Ne7
9. f4 Nf5 10. Ng3 Na6 11. a4 c5 12. Nxf5 gxf5 13. Bxa6 bxa6 14. dxc5 Qxc5 15.
Be3 Qc7 16. Qd4 Bf8 17. O-O Rg8 18. Rf3 h4 19. Kh1 Bb7 20. Bf2 Be7 21. Rh3 Rg4
22. Ne1 O-O-O 23. Rd1 Rdg8 24. g3 Bc5 25. Qd2 d4+ 26. Ng2 Qc6 27. Bxd4 Be7 28.
Kg1 hxg3 29. hxg3 Rxg3 30. Kf1 Rxg2 31. Bf2 Bh4 32. Qd6 Rxf2+ 0-1

[Event "SR 2. liga A 2018/2019"]
[Site "?"]
[Date "2019.03.02"]
[Round "8.5"]
[White "Zetocha, Adrian"]
[Black "Kucharek, Jaroslav"]
[Result "1/2-1/2"]
[WhiteElo "2205"]
[BlackElo "2048"]
[PlyCount "138"]
[EventDate "2018.??.??"]
[WhiteTeam "SK Slovan Bratislava E"]
[BlackTeam "SK Skalica"]

1. d4 d5 2. c4 e6 3. Nc3 Nf6 4. cxd5 exd5 5. Bg5 c6 6. e3 Bf5 7. Bd3 Bxd3 8.
Qxd3 Be7 9. Nf3 Nbd7 10. O-O O-O 11. Rab1 a5 12. Rfc1 Re8 13. Qc2 Ne4 14. Nxe4
dxe4 15. Bxe7 Qxe7 16. Nd2 Nf6 17. a3 Nd5 18. Qa4 Qg5 19. Nf1 b5 20. Qd1 Re6
21. Rc5 a4 22. Rbc1 Qg6 23. Qc2 Ne7 24. Ng3 f5 25. Ne2 Rd6 26. Nc3 Rad8 27. Ne2
Qf7 28. h4 h6 29. Ng3 g5 30. hxg5 hxg5 31. Re5 Rd5 32. Rxd5 Rxd5 33. b3 axb3
34. Qxb3 Qe6 35. a4 f4 36. exf4 gxf4 37. Ne2 Qf7 38. axb5 f3 39. Ng3 Rxb5 40.
Qxf7+ Kxf7 41. Nxe4 Rd5 42. g3 Rxd4 43. Ng5+ Kf6 44. Nxf3 Rd3 45. Kg2 Ke6 46.
g4 Kd6 47. Rh1 c5 48. Rh6+ Kc7 49. Ne5 Rd6 50. Rh7 Re6 51. f4 Kd6 52. Kf3 Kd5
53. Rh1 Ra6 54. Rd1+ Ke6 55. Nc4 Kf6 56. Rd8 Ra1 57. Rd6+ Kg7 58. f5 Rf1+ 59.
Ke4 Rf2 60. Ne3 Kf7 61. g5 c4 62. Rf6+ Kg7 63. Nxc4 Rg2 64. Re6 Kf8 65. g6 Rg4+
66. Ke5 Rxc4 67. g7+ Kxg7 68. f6+ Kf8 69. Rxe7 Rc1 1/2-1/2

[Event "SR 2. liga A 2018/2019"]
[Site "?"]
[Date "2019.03.02"]
[Round "8.6"]
[White "Londin, Martin"]
[Black "Djubek, Boris"]
[Result "1-0"]
[WhiteElo "1910"]
[BlackElo "2040"]
[PlyCount "57"]
[EventDate "2018.??.??"]
[WhiteTeam "SK Skalica"]
[BlackTeam "SK Slovan Bratislava E"]

1. e4 c5 2. Nc3 Nc6 3. Bb5 d6 4. Bxc6+ bxc6 5. f4 g6 6. Nf3 Bg7 7. O-O Nh6 8.
d3 f5 9. Qe1 Nf7 10. Na4 O-O 11. c4 Rb8 12. Rb1 Qc7 13. Kh1 Nd8 14. b3 Ne6 15.
e5 Nd4 16. Bb2 Ne6 17. Qh4 Rb7 18. Rbe1 d5 19. Ng5 Nxg5 20. Qxg5 e6 21. Ba3 Qd8
22. Qg3 dxc4 23. dxc4 Rd7 24. Bxc5 Rd3 25. Rf3 Rxf3 26. Qxf3 Rf7 27. Rd1 Rd7
28. Bd6 Bf8 29. Nc5 1-0

[Event "SR 2. liga A 2018/2019"]
[Site "?"]
[Date "2019.03.02"]
[Round "8.7"]
[White "Cambel, Vladimir"]
[Black "Hrubsa, Marian"]
[Result "1-0"]
[WhiteElo "1994"]
[BlackElo "1887"]
[PlyCount "65"]
[EventDate "2018.??.??"]
[WhiteTeam "SK Slovan Bratislava E"]
[BlackTeam "SK Skalica"]

1. d4 f5 2. Bf4 Nf6 3. c4 g6 4. Nc3 d6 5. Nf3 Bg7 6. Qd2 O-O 7. O-O-O Qe8 8. h3
Nh5 9. Bh6 f4 10. Bxg7 Nxg7 11. e4 fxe3 12. fxe3 Qf7 13. Bd3 Na6 14. Rhf1 Nb4
15. Bb1 Qxc4 16. a3 a5 17. axb4 axb4 18. Qe2 Qc6 19. Be4 Ra1+ 20. Kc2 Bf5 21.
Bxf5 Nxf5 22. Rxa1 bxc3 23. Rfb1 cxb2+ 24. Kxb2 Ng3 25. Qc2 Qb5+ 26. Qb3+ Qxb3+
27. Kxb3 Rf5 28. Kc4 d5+ 29. Kd3 b6 30. Ra7 c5 31. Rxb6 c4+ 32. Kc2 Nf1 33.
Rxe7 1-0

[Event "SR 2. liga A 2018/2019"]
[Site "?"]
[Date "2019.03.02"]
[Round "8.8"]
[White "Harastova, Viera"]
[Black "Jancovicova, Andrea"]
[Result "1/2-1/2"]
[WhiteElo "1817"]
[BlackElo "1974"]
[PlyCount "133"]
[EventDate "2018.??.??"]
[WhiteTeam "SK Skalica"]
[BlackTeam "SK Slovan Bratislava E"]

1. d4 Nf6 2. c4 d6 3. Nc3 c6 4. Nf3 Qc7 5. Bf4 Nbd7 6. e3 e5 7. dxe5 dxe5 8.
Bg3 Be7 9. Be2 O-O 10. O-O Re8 11. Qc2 Bf8 12. Rad1 a5 13. e4 Nh5 14. Ng5 Nxg3
15. hxg3 f6 16. Nf3 Nc5 17. Kh2 Be6 18. b3 b6 19. Ne1 Red8 20. Nd3 Nxd3 21.
Rxd3 Rxd3 22. Bxd3 Bc5 23. f4 Bg4 24. Be2 Be6 25. f5 Bf7 26. g4 Rd8 27. Rd1 Rd6
28. Na4 Rxd1 29. Qxd1 Bd4 30. Qc2 Qb7 31. Nc3 Qe7 32. Nb1 Qc5 33. Bf3 Be3 34.
Qd3 Bg1+ 35. Kh1 Bd4 36. Be2 a4 37. Nd2 Qb4 38. Nf3 Qc3 39. Qxc3 Bxc3 40. bxa4
Kf8 41. Kg1 Ke7 42. g5 Kd6 43. gxf6 gxf6 44. g4 Bd4+ 45. Kf1 Be3 46. Ke1 h6 47.
Nd2 Kc5 48. a3 Bxd2+ 49. Kxd2 Kd4 50. c5 Kxc5 51. Kc3 Bg8 52. Bd3 Ba2 53. Be2
Bf7 54. Bd3 h5 55. gxh5 Bxh5 56. Bc2 Bf3 57. Kd3 Bg2 58. Kc3 Bh3 59. Bd3 Bg4
60. Bc2 Be2 61. Bb3 Ba6 62. Bc2 Be2 63. Bb3 Bf1 64. Bc2 Bg2 65. Bd3 Bf3 66. Bc2
Bh5 67. Bb3 1/2-1/2

[Event "SR 2. liga A 2018/2019"]
[Site "?"]
[Date "2019.03.02"]
[Round "8.1"]
[White "Ruckschloss, Karol"]
[Black "Gasa, Patrik"]
[Result "1/2-1/2"]
[WhiteElo "2223"]
[BlackElo "2186"]
[PlyCount "58"]
[EventDate "2018.??.??"]
[WhiteTeam "SK Slovan Bratislava D"]
[BlackTeam "SK Kupele Piestany"]

1. c4 e5 2. Nc3 Nc6 3. g3 g6 4. Bg2 Bg7 5. e3 Nge7 6. Nge2 O-O 7. d4 exd4 8.
exd4 Nf5 9. d5 Ne5 10. b3 c5 11. O-O d6 12. h3 a6 13. a4 Rb8 14. Ra2 Re8 15.
Kh2 Nd7 16. Bf4 Nf6 17. Qd3 Nd4 18. Nxd4 cxd4 19. Ne2 Nh5 20. Bc1 Bf5 21. Qd1
d3 22. Nf4 Nxf4 23. Bxf4 g5 24. Be3 Qf6 25. Qd2 Qc3 26. Qd1 h6 27. Bd2 Qd4 28.
Be3 Qc3 29. Bd2 Qd4 1/2-1/2

[Event "SR 2. liga A 2018/2019"]
[Site "?"]
[Date "2019.03.02"]
[Round "8.2"]
[White "Abel, Peter"]
[Black "Janos, Martin"]
[Result "1-0"]
[WhiteElo "2220"]
[BlackElo "2166"]
[PlyCount "81"]
[EventDate "2018.??.??"]
[WhiteTeam "SK Kupele Piestany"]
[BlackTeam "SK Slovan Bratislava D"]

1. c4 g6 2. Nc3 Bg7 3. g3 e5 4. Bg2 Ne7 5. Nf3 O-O 6. d4 exd4 7. Nxd4 d6 8. Bg5
h6 9. Be3 Nbc6 10. Nxc6 Nxc6 11. Qd2 Ne5 12. b3 Ng4 13. Bd4 Bxd4 14. Qxd4 Qf6
15. Rd1 Qxd4 16. Rxd4 Nf6 17. O-O Re8 18. Rc1 a6 19. e3 Ra7 20. Ne2 b6 21. Nf4
Bb7 22. Nd5 Bxd5 23. cxd5 a5 24. Kf1 Re7 25. Rdc4 Kf8 26. Ke2 Ke8 27. Kd3 Kd8
28. h3 Nd7 29. Rh4 h5 30. f4 Nc5+ 31. Kd4 Kc8 32. e4 Kb7 33. g4 hxg4 34. hxg4
Ra8 35. Bf3 Rae8 36. Re1 Nxe4 37. Rxe4 Rxe4+ 38. Bxe4 Kc8 39. Rh7 Rf8 40. Ke3
Kd8 41. Kf3 1-0

[Event "SR 2. liga A 2018/2019"]
[Site "?"]
[Date "2019.03.02"]
[Round "8.3"]
[White "Kolcak, Marek"]
[Black "Kundrik, Peter"]
[Result "0-1"]
[WhiteElo "2138"]
[BlackElo "2228"]
[PlyCount "52"]
[EventDate "2018.??.??"]
[WhiteTeam "SK Slovan Bratislava D"]
[BlackTeam "SK Kupele Piestany"]

1. e4 d6 2. d4 Nf6 3. Nc3 g6 4. f4 Bg7 5. Nf3 O-O 6. Bd3 c5 7. dxc5 dxc5 8. O-O
Nc6 9. e5 Nd5 10. Nxd5 Qxd5 11. Qe2 Bg4 12. Qe4 Qd8 13. Qe3 Qb6 14. Nd2 Nb4 15.
Be4 Be6 16. c3 Nxa2 17. f5 gxf5 18. Nc4 Bxc4 19. Rxf5 Rad8 20. Bd2 Qxb2 21. Rh5
Qxa1+ 22. Kf2 f5 23. exf6 Rxf6+ 24. Kg3 h6 25. Qxc5 Bf7 26. Bxh6 Qxc3+ 0-1

[Event "SR 2. liga A 2018/2019"]
[Site "?"]
[Date "2019.03.02"]
[Round "8.4"]
[White "Nemsak, Denis"]
[Black "Janos, Jozef"]
[Result "1-0"]
[WhiteElo "2027"]
[BlackElo "2142"]
[PlyCount "115"]
[EventDate "2018.??.??"]
[WhiteTeam "SK Kupele Piestany"]
[BlackTeam "SK Slovan Bratislava D"]

1. d4 Nf6 2. c4 g6 3. Nc3 d5 4. cxd5 Nxd5 5. e4 Nxc3 6. bxc3 Bg7 7. Bc4 c5 8.
Ne2 O-O 9. O-O Nd7 10. a4 Qc7 11. Bb3 b6 12. Be3 Ba6 13. Rc1 Rac8 14. f3 Rfe8
15. e5 e6 16. Rf2 c4 17. Bc2 Bb7 18. Bg5 a6 19. Rb1 Bc6 20. Qd2 b5 21. axb5
axb5 22. Ng3 Rb8 23. Be4 Nb6 24. Bf6 Nd5 25. Bxg7 Kxg7 26. Bxd5 exd5 27. Qg5
Kh8 28. f4 Qe7 29. Qxe7 Rxe7 30. f5 Ra7 31. fxg6 hxg6 32. Rf6 Bd7 33. Rxf7 Rba8
34. Ne2 Ra1 35. Rxa1 Rxa1+ 36. Kf2 Bf5 37. Ke3 Kg8 38. Rf6 Kg7 39. h3 Ra3 40.
g4 Bd3 41. Rb6 Bxe2 42. Kxe2 Rxc3 43. Rb7+ Kf8 44. Rxb5 Rxh3 45. Rxd5 Rg3 46.
Rc5 Rxg4 47. Rxc4 Ke7 48. Ke3 Kd7 49. Ra4 Rg1 50. Ra6 Ke7 51. d5 Re1+ 52. Kd4
Rd1+ 53. Kc5 Rc1+ 54. Kb6 Re1 55. Kc7 Rd1 56. d6+ Ke6 57. d7+ Kxe5 58. Rxg6 1-0

[Event "SR 2. liga A 2018/2019"]
[Site "?"]
[Date "2019.03.02"]
[Round "8.5"]
[White "Fabry, Robert"]
[Black "Manak, Jozef"]
[Result "1-0"]
[WhiteElo "2119"]
[BlackElo "1969"]
[PlyCount "66"]
[EventDate "2018.??.??"]
[WhiteTeam "SK Slovan Bratislava D"]
[BlackTeam "SK Kupele Piestany"]

1. e4 c5 2. Nf3 d6 3. d4 cxd4 4. Nxd4 Nf6 5. Nc3 a6 6. Be2 e6 7. Bg5 Be7 8. Qd2
Nbd7 9. O-O-O Qc7 10. Bf3 Ne5 11. Be2 Bd7 12. f4 Nc6 13. Nf3 h6 14. Bh4 g5 15.
fxg5 Ng4 16. g6 fxg6 17. Bxe7 Kxe7 18. Rhf1 Nge5 19. Nxe5 Nxe5 20. Rf2 b5 21.
a3 Rac8 22. Rdf1 Be8 23. Rf6 Bf7 24. Qf4 Rh7 25. Qh4 Ke8 26. Bg4 Kd7 27. Bxe6+
Bxe6 28. Rxe6 g5 29. Qh3 g4 30. Qh5 Qc5 31. Qf5 Qe3+ 32. Kb1 Nc4 33. Qxh7+ Kxe6
1-0

[Event "SR 2. liga A 2018/2019"]
[Site "?"]
[Date "2019.03.02"]
[Round "8.6"]
[White "Manak, Adrian"]
[Black "Kolman, Richard"]
[Result "0-1"]
[WhiteElo "1950"]
[BlackElo "1993"]
[PlyCount "90"]
[EventDate "2018.??.??"]
[WhiteTeam "SK Kupele Piestany"]
[BlackTeam "SK Slovan Bratislava D"]

1. e4 c5 2. Nf3 Nc6 3. d4 cxd4 4. Nxd4 e5 5. Nb5 a6 6. Nd6+ Bxd6 7. Qxd6 Qf6 8.
Qd1 Qg6 9. Nc3 Nge7 10. h4 h5 11. Bg5 d5 12. exd5 Nb4 13. Bd3 Nxd3+ 14. Qxd3
Bf5 15. Qf3 f6 16. Bd2 Bxc2 17. d6 Nc6 18. d7+ Kxd7 19. O-O Qd3 20. Be3 Ke6 21.
Rac1 Rad8 22. Qg3 Qg6 23. Qh3+ Bf5 24. Qf3 Qg4 25. Qxg4 hxg4 26. g3 Nd4 27. Na4
Ne2+ 28. Kh2 Nxc1 29. Rxc1 Rc8 30. Nc5+ Kf7 31. Nxb7 Rxc1 32. Bxc1 g5 33. Nc5
gxh4 34. gxh4 Rxh4+ 35. Kg1 Bc8 36. Bd2 f5 37. Bc3 e4 38. Be5 Ke7 39. b4 Rh6
40. a4 Rc6 41. Bd4 Kd6 42. Kg2 a5 43. Nb3 axb4 44. Kg3 Kd5 45. Kf4 Ra6 0-1

[Event "SR 2. liga A 2018/2019"]
[Site "?"]
[Date "2019.03.02"]
[Round "8.7"]
[White "Sturc, Jan"]
[Black "Slaba, Andrea"]
[Result "1/2-1/2"]
[WhiteElo "1973"]
[BlackElo "1888"]
[PlyCount "102"]
[EventDate "2018.??.??"]
[WhiteTeam "SK Slovan Bratislava D"]
[BlackTeam "SK Kupele Piestany"]

1. e4 b6 2. d4 Bb7 3. Nc3 e6 4. Bd3 Nf6 5. Nf3 Bb4 6. Qe2 d5 7. exd5 Nxd5 8.
Bd2 Nc6 9. O-O Bxc3 10. bxc3 Qd6 11. c4 Nde7 12. c3 O-O-O 13. Rab1 Qd7 14. Rfe1
Ng6 15. Be4 Rde8 16. Qd1 f5 17. Bc2 Na5 18. Ba4 Bc6 19. Bxc6 Qxc6 20. c5 Nc4
21. Qb3 Nxd2 22. Nxd2 Nh4 23. f3 g5 24. cxb6 axb6 25. Qc4 Qxc4 26. Nxc4 Ng6 27.
a4 Kd7 28. a5 bxa5 29. Nxa5 Ra8 30. Nb7 Rhe8 31. Nc5+ Kd6 32. Nd3 Ra2 33. Rb2
Ra3 34. Rc2 Rb8 35. Ne5 Nxe5 36. Rxe5 Rf8 37. Kf2 Rf6 38. Ke2 h5 39. Kd3 Ra1
40. Ree2 Rf8 41. Re5 Rf6 42. Rce2 g4 43. f4 Rf1 44. g3 h4 45. Kc4 hxg3 46. hxg3
c6 47. Kd3 Rh6 48. R5e3 Rd1+ 49. Kc2 Ra1 50. Kd3 Rd1+ 51. Kc2 Ra1 1/2-1/2

[Event "SR 2. liga A 2018/2019"]
[Site "?"]
[Date "2019.03.02"]
[Round "8.8"]
[White "Musaev, Matej Elbek"]
[Black "Cervenak, Ladislav"]
[Result "0-1"]
[WhiteElo "1784"]
[BlackElo "1762"]
[PlyCount "142"]
[EventDate "2018.??.??"]
[WhiteTeam "SK Kupele Piestany"]
[BlackTeam "SK Slovan Bratislava D"]

1. e4 e5 2. Nf3 Nf6 3. Nxe5 d6 4. Nf3 Nxe4 5. d4 d5 6. c4 c6 7. Nc3 Bb4 8. Qc2
Qa5 9. Bd2 Nxd2 10. Qxd2 O-O 11. Be2 dxc4 12. Bxc4 Re8+ 13. Ne5 Be6 14. O-O Qc7
15. Bd3 Nd7 16. Nxd7 Bxd7 17. Bc2 Rad8 18. Qd3 g6 19. Ne4 Kg7 20. Qc4 Ba5 21.
Nc5 Be6 22. Nxe6+ Rxe6 23. Rfd1 Red6 24. Rd3 b5 25. Qc5 Rd5 26. Qa3 Rxd4 27.
Rad1 Rxd3 28. Rxd3 Rxd3 29. Qxd3 Bb6 30. g3 Qe5 31. b3 Qe1+ 32. Qf1 Bxf2+ 33.
Kg2 Qxf1+ 34. Kxf1 Bd4 35. Be4 c5 36. Bc6 b4 37. Bd5 f5 38. Kg2 Kf6 39. Kf3 Ke5
40. Bg8 h6 41. h3 g5 42. Bf7 f4 43. h4 fxg3 44. hxg5 hxg5 45. Kxg3 Ke4 46. Kg4
Be3 47. Bc4 Kd4 48. Kf3 Bf4 49. Be6 Kc3 50. Ke4 Kb2 51. Kd5 Be3 52. Ke4 Bd4 53.
Kf5 Kxa2 54. Kxg5 Kb2 55. Kf4 Kc3 56. Ke4 a5 57. Bf7 a4 58. bxa4 b3 59. Kd5 Kb4
60. a5 Kxa5 61. Kc4 Ka4 62. Kd3 Ka3 63. Kd2 Kb2 64. Bc4 Bf6 65. Bf7 Bg5+ 66.
Kd1 Kc3 67. Be6 c4 68. Bf7 Kb4 69. Be6 c3 70. Bf5 Ka3 71. Bg6 Kb2 0-1

[Event "SR 2. liga A 2018/2019"]
[Site "?"]
[Date "2019.03.02"]
[Round "8.1"]
[White "Banas, Kamil"]
[Black "Sukuba, Zdeno"]
[Result "1-0"]
[WhiteElo "2265"]
[BlackElo "2150"]
[PlyCount "47"]
[EventDate "2018.??.??"]
[WhiteTeam "SK Modra B"]
[BlackTeam "SK Krasnany"]

1. e4 c6 2. d4 d5 3. e5 Bf5 4. Nf3 e6 5. Be2 Nd7 6. O-O Ne7 7. Nbd2 Ng6 8. Nb3
Be7 9. Ne1 Ngf8 10. f4 Qb6 11. Be3 f6 12. Nd3 fxe5 13. fxe5 Ng6 14. Bg4 Ngxe5
15. Bxf5 exf5 16. Nxe5 Nxe5 17. Rxf5 Ng6 18. Qg4 Bf6 19. Rxf6 gxf6 20. Qe6+ Ne7
21. Nc5 Qc7 22. Re1 Rf8 23. Bh6 Rf7 24. Qg4 1-0

[Event "SR 2. liga A 2018/2019"]
[Site "?"]
[Date "2019.03.02"]
[Round "8.2"]
[White "Bronis, Marian"]
[Black "Federic, Jozef"]
[Result "1/2-1/2"]
[WhiteElo "2083"]
[BlackElo "2224"]
[PlyCount "29"]
[EventDate "2018.??.??"]
[WhiteTeam "SK Krasnany"]
[BlackTeam "SK Modra B"]

1. d4 d5 2. Nf3 Nf6 3. c4 e6 4. Nc3 c6 5. e3 Nbd7 6. Bd3 dxc4 7. Bxc4 b5 8. Bd3
a6 9. e4 c5 10. d5 c4 11. Bc2 e5 12. O-O Bc5 13. Ne2 O-O 14. Ng3 Ne8 15. Bd2
1/2-1/2

[Event "SR 2. liga A 2018/2019"]
[Site "?"]
[Date "2019.03.02"]
[Round "8.3"]
[White "Mydlarik, Martin"]
[Black "Janos, Ivan"]
[Result "1-0"]
[WhiteElo "2117"]
[BlackElo "2108"]
[PlyCount "53"]
[EventDate "2018.??.??"]
[WhiteTeam "SK Modra B"]
[BlackTeam "SK Krasnany"]

1. c4 Nf6 2. Nc3 e5 3. g3 d5 4. cxd5 Nxd5 5. Bg2 Nb6 6. Nf3 Nc6 7. O-O Be7 8.
d3 O-O 9. Be3 Be6 10. Nd2 f5 11. f4 Kh8 12. Nf3 exf4 13. gxf4 Nd5 14. Nxd5 Bxd5
15. Qa4 Qe8 16. Ne5 Bxg2 17. Kxg2 Bd6 18. d4 Qh5 19. Rf3 g5 20. fxg5 Nxe5 21.
dxe5 Bxe5 22. Bf4 Qg4+ 23. Kh1 Bxb2 24. Rg1 Qh5 25. Qb3 Bg7 26. g6 h6 27. Bxh6
1-0

[Event "SR 2. liga A 2018/2019"]
[Site "?"]
[Date "2019.03.02"]
[Round "8.4"]
[White "Biro, Karol"]
[Black "Sobek, Michal"]
[Result "0-1"]
[WhiteElo "2065"]
[BlackElo "2053"]
[PlyCount "66"]
[EventDate "2018.??.??"]
[WhiteTeam "SK Krasnany"]
[BlackTeam "SK Modra B"]

1. c4 Nf6 2. Nc3 c5 3. Nf3 g6 4. e4 Nc6 5. Be2 Bg7 6. d4 cxd4 7. Nxd4 Nxd4 8.
Qxd4 d6 9. O-O O-O 10. Qd2 Bd7 11. b3 Nxe4 12. Nxe4 Bxa1 13. Bb2 Bxb2 14. Qxb2
Bc6 15. Nc3 Qa5 16. Rd1 Rac8 17. Bf1 Rfd8 18. b4 Qe5 19. Qd2 a6 20. Re1 Qf6 21.
Re3 e6 22. b5 axb5 23. cxb5 Be8 24. Ne4 Qe5 25. a4 d5 26. Ng3 Qa1 27. Re1 Qxa4
28. Qh6 Bxb5 29. Nh5 gxh5 30. Qg5+ Kf8 31. Qh6+ Ke7 32. Qg5+ Kd7 33. Qxh5 Rf8
0-1

[Event "SR 2. liga A 2018/2019"]
[Site "?"]
[Date "2019.03.02"]
[Round "8.5"]
[White "Sustak, Roman"]
[Black "Mandak, Miroslav"]
[Result "1/2-1/2"]
[WhiteElo "1917"]
[BlackElo "1974"]
[PlyCount "145"]
[EventDate "2018.??.??"]
[WhiteTeam "SK Modra B"]
[BlackTeam "SK Krasnany"]

1. Nf3 c5 2. c4 Nf6 3. Nc3 Nc6 4. g3 e6 5. Bg2 Be7 6. O-O O-O 7. e3 d6 8. d4
Qc7 9. b3 a6 10. Bb2 Rb8 11. Qe2 Na7 12. Rac1 Bd7 13. Qc2 Rfc8 14. Ne4 Nxe4 15.
Qxe4 Bf6 16. Rc2 Qd8 17. Rd1 Bc6 18. Qf4 Qe7 19. dxc5 dxc5 20. Bxf6 Qxf6 21.
Qxf6 gxf6 22. Rcd2 Kf8 23. h4 Ke8 24. g4 h6 25. Kh2 Rd8 26. Kg3 Rxd2 27. Rxd2
Ke7 28. Bf1 Rg8 29. Nh2 f5 30. f3 Nc8 31. Kf4 Kf6 32. e4 e5+ 33. Ke3 fxe4 34.
fxe4 Ke7 35. Be2 Nd6 36. Bf3 f6 37. Nf1 Bd7 38. Rg2 Be6 39. Kd3 Rd8 40. Kc3 b5
41. Ne3 b4+ 42. Kc2 Rg8 43. Nf5+ Bxf5 44. gxf5 Rxg2+ 45. Bxg2 a5 46. Kd3 Nc8
47. Bf3 Nb6 48. Bd1 Kd6 49. Bc2 Nc8 50. Bd1 Na7 51. Bh5 Ke7 52. Bd1 Nc6 53. Bh5
Nd4 54. Bd1 Kf7 55. Bh5+ Ke7 56. Bd1 Nc6 57. Bh5 Kf8 58. Bg4 Nb8 59. Bh5 Nd7
60. Bf3 Ke7 61. Bh5 Nb6 62. Bd1 Kd8 63. Ke3 a4 64. Kd3 a3 65. Ke3 Nc8 66. Kd3
Ne7 67. Ke3 Ke8 68. Bh5+ Kf8 69. Bd1 Kg7 70. Bh5 Nc6 71. Bd1 Nd4 72. Kd3 h5 73.
Ke3 1/2-1/2

[Event "SR 2. liga A 2018/2019"]
[Site "?"]
[Date "2019.03.02"]
[Round "8.6"]
[White "Gettler, Daniel"]
[Black "Horvath, Marek"]
[Result "1-0"]
[WhiteElo "2042"]
[BlackElo "1807"]
[PlyCount "63"]
[EventDate "2018.??.??"]
[WhiteTeam "SK Krasnany"]
[BlackTeam "SK Modra B"]

1. c4 g6 2. g3 Bg7 3. Bg2 Nf6 4. Nc3 O-O 5. e4 d6 6. Nge2 e5 7. h3 Be6 8. b3
Nbd7 9. d4 exd4 10. Nxd4 Rb8 11. f4 Nb6 12. O-O Bd7 13. Be3 a6 14. Qd2 c5 15.
Nde2 Bc6 16. Rad1 Re8 17. Qxd6 Qxd6 18. Rxd6 Nxe4 19. Bxe4 Bxe4 20. Rxb6 Bd3
21. Rf3 Rbd8 22. Kf2 Rd7 23. Bxc5 h5 24. Re3 Rxe3 25. Bxe3 Bf5 26. h4 Bg4 27.
Nd5 Be6 28. Bd4 Bxd5 29. cxd5 Bf8 30. Nc3 Rc7 31. Ke3 Re7+ 32. Kd3 1-0

[Event "SR 2. liga A 2018/2019"]
[Site "?"]
[Date "2019.03.02"]
[Round "8.7"]
[White "Soldan, Jan"]
[Black "Kohlmann, Robert"]
[Result "0-1"]
[WhiteElo "1768"]
[BlackElo "2077"]
[PlyCount "52"]
[EventDate "2018.??.??"]
[WhiteTeam "SK Modra B"]
[BlackTeam "SK Krasnany"]

1. e4 c5 2. Nf3 g6 3. d4 cxd4 4. Nxd4 Nc6 5. Be3 Nf6 6. Bd3 Bg7 7. c3 O-O 8.
O-O d5 9. Nxc6 bxc6 10. exd5 cxd5 11. Bc5 Qc7 12. Ba3 Ng4 13. g3 Ne5 14. Be2
Bb7 15. Nd2 Rfd8 16. Nf3 Nc4 17. Qb3 e5 18. Rad1 Bh6 19. Rfe1 Rab8 20. Qc2 Nxa3
21. bxa3 d4 22. c4 Qc6 23. Rd3 e4 24. Nxd4 exd3 25. Nxc6 dxc2 26. Nxb8 c1=Q 0-1